| 000 | 00342nam a22001337a 4500 | ||
|---|---|---|---|
| 020 | _qPB. | ||
| 040 | _cFIZZA ISHAQ | ||
| 082 |
_a624.176 _bSTE |
||
| 100 |
_aKRAMER,LAWRENCE STEVEN. _991262 |
||
| 245 |
_aGEOTECHNICAL EARTHQUAKE ENGINEERING / _cSTEVEN LAWRENCE KRAMER. |
||
| 260 |
_aPEARSON ; _c1996. |
||
| 300 | _a653 P. ; | ||
| 942 |
_2ddc _cBK |
||
| 999 |
_c589458 _d589458 |
||